| 000 -CABECERA |
| campo de control de longitud fija |
01508nam a2200301 a 4500 |
| 001 - NÚMERO DE CONTROL |
| campo de control |
1116795 |
| 003 - IDENTIFICADOR DEL NÚMERO DE CONTROL |
| campo de control |
OSt |
| 005 - FECHA Y HORA DE LA ÚLTIMA TRANSACCIÓN |
| campo de control |
20220606120457.0 |
| 008 - DATOS DE LONGITUD FIJA--INFORMACIÓN GENERAL |
| campo de control de longitud fija |
090901s2000 sp a gr 0001d spa d |
| 020 ## - NÚMERO INTERNACIONAL ESTÁNDAR DEL LIBRO |
| Número Internacional Estándar del Libro |
9788437615073 |
| 040 ## - FUENTE DE LA CATALOGACIÓN |
| Centro catalogador/agencia de origen |
CO-BoBLA |
| Lengua de catalogación |
spa |
| Centro/agencia transcriptor |
CO-MqBPB |
| 041 1# - CÓDIGO DE LENGUA |
| Código de lengua del texto/banda sonora o título independiente |
spa |
| Código de lengua original |
eng |
| 082 04 - NÚMERO DE LA CLASIFICACIÓN DECIMAL DEWEY |
| Número de clasificación |
AT |
| Número de documento/Ítem |
ALBq |
| 100 1# - ENTRADA PRINCIPAL--NOMBRE DE PERSONA |
| Nombre de persona |
Albee, Edward, |
| Fechas asociadas al nombre |
1928-2016. |
| 245 10 - MENCIÓN DE TÍTULO |
| Título |
Quién le teme a Virginia Woolf? / |
| Mención de responsabilidad, etc. |
Edward Albee |
| 250 ## - MENCIÓN DE EDICIÓN |
| Mención de edición |
2a. ed. |
| 260 3# - PUBLICACIÓN, DISTRIBUCIÓN, ETC. |
| Lugar de publicación, distribución, etc. |
Madrid : |
| Nombre del editor, distribuidor, etc. |
Cátedra, |
| Fecha de publicación, distribución, etc. |
2015. |
| 300 ## - DESCRIPCIÓN FÍSICA |
| Extensión |
233 p. : |
| Otras características físicas |
il. ; |
| Dimensiones |
18 cm. |
| 440 #0 - MENCIÓN DE SERIE/PUNTO DE ACCESO ADICIONAL--TÍTULO |
| Título |
Letras universales ; |
| Designación de volumen o secuencia |
251 |
| 500 ## - NOTA GENERAL |
| Nota general |
¿QUIÉN TEME A VIRGINIA WOOLF?<br/>El centro explícito de ¿Quién teme a Virginia Woolf? es la relación entre las ilusiones privadas, íntimas, de los individuos, mentiras que mediatizan nuestra existencia en el mundo, y la propia realidad, incontrolable, difícil, que apenas ofrece resquicio a la esperanza.<br/><br/>A pesar de sus diálogos lacerantes y de un lenguaje cuya sustancia es la mentira, las relaciones entre George y Martha, las relaciones entre los seres humanos, necesitan mantener las fantasías como juego, admitir que habrá dolor, que nunca habrá felicidad, pero que al menos el individuo tampoco estará del todo solo. |
| 534 ## - NOTA SOBRE LA VERSIÓN ORIGINAL |
| Frase introductoria |
T�tulo original : |
| Mención de título del original |
Who's afraid of Virginia Woolf?. |
| 650 ## - PUNTO DE ACCESO ADICIONAL DE MATERIA--TÉRMINO DE MATERIA |
| Término de materia o nombre geográfico como elemento de entrada |
Teatro estadounidense. |
| 650 ## - PUNTO DE ACCESO ADICIONAL DE MATERIA--TÉRMINO DE MATERIA |
| Término de materia o nombre geográfico como elemento de entrada |
Conyuges |
| Subdivisión de forma |
Teatro. |
| 650 ## - PUNTO DE ACCESO ADICIONAL DE MATERIA--TÉRMINO DE MATERIA |
| Término de materia o nombre geográfico como elemento de entrada |
Relaciones familiares |
| Subdivisión de forma |
Teatro. |
| 700 1# - PUNTO DE ACCESO ADICIONAL--NOMBRE DE PERSONA |
| Nombre de persona |
Mira, Alberto, |
| Fechas asociadas al nombre |
1965-, |
| Término indicativo de función/relación |
ed. |
| 942 ## - ELEMENTOS DE PUNTO DE ACCESO ADICIONAL (KOHA) |
| Fuente del sistema de clasificación o colocación |
|
| Tipo de ítem Koha |
Libro Literatura |
| 949 ## - PROCESAMIENTO DE INFORMACIÓN LOCAL (OCLC) |
| a |
n |
| b |
n |